Determination of oxides present in different types of cement /
محفوظ في:
| المؤلف الرئيسي: | |
|---|---|
| التنسيق: | أطروحة كتاب |
| اللغة: | English |
| منشور في: |
2011.
|
| الموضوعات: | |
| الوسوم: |
إضافة وسم
لا توجد وسوم, كن أول من يضع وسما على هذه التسجيلة!
|
| LEADER | 00928cam a2200277 a 4500 | ||
|---|---|---|---|
| 001 | u849687 | ||
| 003 | SIRSI | ||
| 005 | 201201161703 | ||
| 008 | 120116s2011 my a t 000 0 eng m | ||
| 040 | |a UMM | ||
| 090 | |a QD3 |b UM 2011 Che | ||
| 100 | 1 | |a Chew, Siok Hoon. | |
| 245 | 1 | 0 | |a Determination of oxides present in different types of cement / |c Chew Siok Hoon. |
| 260 | |c 2011. | ||
| 300 | |a [3] vii, 73 leaves : |b ill. ; |c 30 cm. | ||
| 502 | |a Dissertation (M.Sc.) -- Jabatan Kimia, Fakulti Sains, Universiti Malaya, 2011. | ||
| 504 | |a Bibliography: leaves 66-67. | ||
| 650 | 0 | |a Portland cement. | |
| 650 | 0 | |a Fly ash |x Analysis. | |
| 650 | 0 | |a Trace elements |x Analysis. | |
| 650 | 0 | |a Fly ash |x Environmental aspects. | |
| 650 | 0 | |a Cement. | |
| 710 | 2 | |a Universiti Malaya. |b Jabatan Kimia. | |
| 900 | |a NHS | ||
| 596 | |a 1 | ||
| 999 | |a QD3 UM 2011 CHE |w LC |c 1 |i A515032017 |d 2/4/2012 |f 2/4/2012 |g 1 |l STACKS |m P01UTAMA |r Y |s Y |t TESIS |u 2/4/2012 | ||
